[Event "Newcastle Northumbria Masters IM"]
[Site "Newcastle on Tyne"]
[Date "2023.08.28"]
[Round "9"]
[White "Kanyamarala, Trisha"]
[Black "Wall, Gavin"]
[Result "1/2-1/2"]
[WhiteElo "2344"]
[BlackElo "2301"]
[PlyCount "50"]
[EventDate "2023.08.24"]
[EventType "schev"]
[EventRounds "9"]
[EventCountry "ENG"]
[SourceTitle "EXT 2024"]
[Source "ChessBase"]
[SourceDate "2023.10.10"]
[SourceVersion "1"]
[SourceVersionDate "2023.10.10"]
[SourceQuality "1"]

1. d4 f5 2. Nf3 Nf6 3. c4 g6 4. g3 Bg7 5. Bg2 0-0 6. 0-0 d6 7. Nc3 Qe8 8. b3 Na6 9. Re1 c6 10. Bb2 e5 11. e4 Nxe4 12. dxe5 dxe5 13. Nxe4 fxe4 14. Rxe4 Bf5 15. Re3 Nb4 16. Ne1 Rd8 17. Qe2 Qd7 18. a3 Nd3 19. Nxd3 Bxd3 20. Qe1 e4 21. Bxg7 Qxg7 22. Bxe4 Bxe4 23. Rxe4 Qb2 24. Rb1 Qxa3 25. Re7 Rf7 1/2-1/2

[Event "Newcastle Northumbria Masters IM"]
[Site "Newcastle on Tyne"]
[Date "2023.08.27"]
[Round "7"]
[White "Wall, Gavin"]
[Black "Raczek, Krzysztof"]
[Result "0-1"]
[WhiteElo "2301"]
[BlackElo "2305"]
[PlyCount "54"]
[EventDate "2023.08.24"]
[EventType "schev"]
[EventRounds "9"]
[EventCountry "ENG"]
[SourceTitle "EXT 2024"]
[Source "ChessBase"]
[SourceDate "2023.10.10"]
[SourceVersion "1"]
[SourceVersionDate "2023.10.10"]
[SourceQuality "1"]

1. e4 c5 2. Nf3 Nc6 3. Bb5 Qb6 4. Nc3 e6 5. 0-0 Nge7 6. b3 a6 7. Bxc6 Nxc6 8. Bb2 Qc7 9. Ne2 f6 10. c3 Be7 11. d4 cxd4 12. cxd4 d5 13. Ng3 0-0 14. Rc1 dxe4 15. Nxe4 Rd8 16. Qe2 Bf8 17. Rfd1 Qf7 18. Nc3 Nb4 19. Ne1 Bd7 20. a3 Nc6 21. d5 exd5 22. Nxd5 Be6 23. Nc7 Bxb3 24. Rxd8 Rxd8 25. Nxa6 Re8 26. Qd2 bxa6 27. Rxc6 Qd7 0-1

[Event "BCF-chT 2223 (4NCL)"]
[Site "England"]
[Date "2023.02.12"]
[Round "6.1"]
[White "Kirk, Ezra"]
[Black "Wall, Gavin"]
[Result "1-0"]
[WhiteElo "2440"]
[BlackElo "2300"]
[PlyCount "63"]
[EventDate "2022.10.22"]
[EventType "team-swiss"]
[EventRounds "11"]
[EventCountry "ENG"]
[SourceTitle "CBM 213 Extra"]
[Source "ChessBase"]
[SourceDate "2023.05.31"]
[SourceVersion "1"]
[SourceVersionDate "2023.05.31"]
[SourceQuality "1"]
[WhiteTeam "Cheddleton"]
[BlackTeam "Gonzaga"]
[WhiteTeamCountry "ENG"]
[BlackTeamCountry "ENG"]

1. e4 e5 2. Nf3 Nc6 3. Bb5 a6 4. Ba4 d6 5. 0-0 Nge7 6. c3 Ng6 7. d4 Bd7 8. Bc2 Be7 9. a4 0-0 10. d5 Nb8 11. a5 f5 12. exf5 Bxf5 13. Bxf5 Rxf5 14. Nbd2 Nd7 15. Ne4 Qf8 16. c4 c5 17. Rb1 b6 18. axb6 a5 19. b7 Ra7 20. Ra1 Qb8 21. Nfg5 Bxg5 22. Bxg5 Rxb7 23. Rxa5 Rxb2 24. Qa1 Ndf8 25. Ra6 Qb3 26. Be3 Nf4 27. Bxf4 exf4 28. Ra3 Qb6 29. Nxd6 Re5 30. Nb5 Ree2 31. Nc3 Rec2 32. Na4 1-0

[Event "BCF-chT 2223 (4NCL)"]
[Site "England"]
[Date "2023.02.11"]
[Round "5.6"]
[White "Wall, Gavin"]
[Black "Wadsworth, Matthew J"]
[Result "1-0"]
[WhiteElo "2300"]
[BlackElo "2467"]
[PlyCount "81"]
[EventDate "2022.10.22"]
[EventType "team-swiss"]
[EventRounds "11"]
[EventCountry "ENG"]
[SourceTitle "CBM 213 Extra"]
[Source "ChessBase"]
[SourceDate "2023.05.31"]
[SourceVersion "1"]
[SourceVersionDate "2023.05.31"]
[SourceQuality "1"]
[WhiteTeam "Gonzaga"]
[BlackTeam "Wood Green"]
[WhiteTeamCountry "ENG"]
[BlackTeamCountry "ENG"]

1. d4 d5 2. Nf3 Nf6 3. g3 Bf5 4. Bg2 e6 5. 0-0 h6 6. c4 c6 7. Nc3 Nbd7 8. Nd2 Be7 9. e4 dxe4 10. Ndxe4 Nxe4 11. Nxe4 0-0 12. Bf4 Nf6 13. Nc5 b6 14. Nb3 Rc8 15. Qe2 Qd7 16. a4 Rfd8 17. h3 a5 18. Rfd1 Qa7 19. Rac1 Bd6 20. Be5 Bg6 21. Bxf6 gxf6 22. c5 Bf8 23. Qe3 Qb8 24. Qc3 h5 25. h4 Bh6 26. Ra1 f5 27. cxb6 Qxb6 28. Nxa5 f4 29. Nxc6 Kh7 30. b4 fxg3 31. fxg3 Rd6 32. b5 e5 33. Qc5 Be3+ 34. Kh2 Qxc5 35. dxc5 Rxd1 36. Rxd1 Bxc5 37. Rd5 Bb6 38. a5 Bc7 39. b6 Bxb6 40. axb6 Rxc6 41. b7 1-0

[Event "BCF-chT 2223 (4NCL)"]
[Site "England"]
[Date "2022.10.22"]
[Round "1.2"]
[White "Bobras, Piotr"]
[Black "Wall, Gavin"]
[Result "1/2-1/2"]
[WhiteElo "2490"]
[BlackElo "2300"]
[PlyCount "80"]
[EventDate "2022.10.22"]
[EventType "team-swiss"]
[EventRounds "11"]
[EventCountry "ENG"]
[SourceTitle "CBM 210 Extra"]
[Source "ChessBase"]
[SourceDate "2022.11.30"]
[SourceVersion "1"]
[SourceVersionDate "2022.11.30"]
[SourceQuality "1"]
[WhiteTeam "Chess.com Manx Liberty"]
[BlackTeam "Gonzaga"]
[WhiteTeamCountry "ENG"]
[BlackTeamCountry "ENG"]

1. e4 e5 2. Nf3 Nc6 3. Bb5 a6 4. Ba4 d6 5. 0-0 Nge7 6. c3 Ng6 7. d4 Bd7 8. Be3 Be7 9. Nbd2 0-0 10. Re1 Nh4 11. Nxh4 Bxh4 12. Nf3 Bf6 13. h3 Qe7 14. Bc2 g6 15. Qd2 Bg7 16. b4 Kh8 17. dxe5 Nxe5 18. Nxe5 Qxe5 19. Bd4 Qe7 20. e5 Rfd8 21. exd6 Qxd6 22. Bxg7+ Kxg7 23. Qxd6 cxd6 24. Bb3 Kf8 25. Rad1 Bc6 26. a4 b6 27. Rd4 Rd7 28. f3 Rc8 29. Kf2 Bb7 30. Re3 a5 31. Ke1 Re7 32. Rxe7 Kxe7 33. Kd2 Rc7 34. Rf4 f5 35. h4 Bc8 36. g4 Be6 37. Bc2 fxg4 38. fxg4 d5 39. g5 Kd6 40. Bd3 Ke5 1/2-1/2

[Event "Newcastle Northumbria Masters IM"]
[Site "Newcastle on Tyne"]
[Date "2022.08.27"]
[Round "2"]
[White "Balaji, Aaravamudhan"]
[Black "Wall, Gavin"]
[Result "1-0"]
[WhiteElo "2194"]
[BlackElo "2306"]
[PlyCount "141"]
[EventDate "2022.08.26"]
[EventType "tourn"]
[EventRounds "9"]
[EventCountry "ENG"]
[EventCategory "2"]
[SourceTitle "CBM 210 Extra"]
[Source "ChessBase"]
[SourceDate "2022.11.30"]
[SourceVersion "1"]
[SourceVersionDate "2022.11.30"]
[SourceQuality "1"]

1. d4 f5 2. Bg5 g6 3. Nc3 Nh6 4. Qd2 Nf7 5. h4 Bg7 6. 0-0-0 Nc6 7. d5 Nce5 8. e4 fxe4 9. Nxe4 d6 10. f4 Ng4 11. h5 c6 12. Qe1 Bf5 13. h6 Ngxh6 14. dxc6 Bxe4 15. Qxe4 bxc6 16. Qxc6+ Kf8 17. Bc4 Rc8 18. Qd5 Qb6 19. Bb3 Qe3+ 20. Kb1 e6 21. Qb7 Re8 22. Ba4 Nxg5 23. fxg5 Re7 24. Qc6 Nf5 25. Nf3 d5 26. Rd3 Qb6 27. Qxb6 axb6 28. Rb3 Rb7 29. Bc6 Rb8 30. Re1 Kf7 31. Bd7 Rhd8 32. Bxe6+ Kf8 33. Bxf5 gxf5 34. Nh4 Re8 35. Rf1 Re2 36. Nxf5 Kg8 37. g3 Bf8 38. a4 Rc8 39. c3 Bc5 40. a5 bxa5 41. Rb7 Bf8 42. Rh1 a4 43. Rhxh7 a3 44. Nh6+ Bxh6 45. gxh6 Rxb2+ 46. Rxb2 Kxh7 47. Rb3 Kxh6 48. Rxa3 Kg5 49. Kb2 Kg4 50. Ra5 Rd8 51. Kc2 Kxg3 52. Kd3 d4 53. cxd4 Kf4 54. Re5 Rc8 55. Re1 Kf5 56. d5 Kf6 57. Kd4 Kf7 58. d6 Re8 59. Re5 Ra8 60. Re7+ Kf8 61. Kd5 Ra1 62. Re4 Rd1+ 63. Kc6 Rc1+ 64. Kb7 Rb1+ 65. Kc7 Rc1+ 66. Kd8 Kf7 67. d7 Rd1 68. Re7+ Kf8 69. Re8+ Kf7 70. Kc7 Rc1+ 71. Kb6 1-0

[Event "BCF-chT 2122 (4NCL)"]
[Site "England"]
[Date "2022.06.25"]
[Round "10.65"]
[White "Martyn, Rafe"]
[Black "Wall, Gavin"]
[Result "1/2-1/2"]
[WhiteElo "2210"]
[BlackElo "2312"]
[PlyCount "36"]
[EventDate "2021.11.27"]
[EventType "team-swiss"]
[EventRounds "11"]
[EventCountry "ENG"]
[SourceTitle "EXT 2023"]
[Source "ChessBase"]
[SourceDate "2022.10.05"]
[SourceVersion "1"]
[SourceVersionDate "2022.10.05"]
[SourceQuality "1"]
[WhiteTeam "Barbican"]
[BlackTeam "Gonzaga"]
[WhiteTeamCountry "ENG"]
[BlackTeamCountry "ENG"]

1. d4 f5 2. Bg5 g6 3. Nc3 Nh6 4. h4 Nf7 5. Nf3 Bg7 6. Qd2 d5 7. Bf4 a6 8. Ne5 Nxe5 9. Bxe5 Bxe5 10. dxe5 d4 11. 0-0-0 c5 12. e3 Nc6 13. exd4 cxd4 14. Ne2 Qd5 15. b3 Qxe5 16. f4 Qf6 17. Nxd4 Bd7 18. Qe3 0-0-0 1/2-1/2

[Event "London Muswell Hill IM"]
[Site "London"]
[Date "2021.08.10"]
[Round "3"]
[White "Grieve, Harry"]
[Black "Wall, Gavin"]
[Result "1-0"]
[WhiteElo "2282"]
[BlackElo "2326"]
[PlyCount "83"]
[EventDate "2021.08.09"]
[EventType "tourn"]
[EventRounds "9"]
[EventCountry "ENG"]
[EventCategory "3"]
[SourceTitle "CBM 203 Extra"]
[Source "ChessBase"]
[SourceDate "2021.09.30"]
[SourceVersion "1"]
[SourceVersionDate "2021.09.30"]
[SourceQuality "1"]

1. e4 e5 2. Nf3 d6 3. d4 exd4 4. Nxd4 Nf6 5. Nc3 Be7 6. Bf4 0-0 7. Qd2 Nc6 8. 0-0-0 Nxd4 9. Qxd4 Be6 10. f3 a6 11. g4 b5 12. h4 c5 13. Qd2 b4 14. Nd5 Nxd5 15. exd5 Bd7 16. g5 a5 17. h5 a4 18. Kb1 Bf5 19. Bh3 Qd7 20. Bxf5 Qxf5 21. Rde1 Rfe8 22. Re4 Bf8 23. Qe3 Rxe4 24. Qxe4 Qxe4 25. fxe4 Re8 26. Re1 g6 27. hxg6 fxg6 28. Kc1 Rd8 29. Kd2 Bg7 30. Kd3 Bxb2 31. Kc4 a3 32. Kb5 Kf7 33. Rh1 Kg7 34. Rh3 Re8 35. Bxd6 Rxe4 36. Bxc5 Re5 37. Kc6 Rxg5 38. d6 Rg4 39. d7 Bf6 40. Rf3 Bd8 41. Bf8+ Kg8 42. Bh6 1-0

[Event "BCF-chTb 1920 (4NCL)"]
[Site "Daventry"]
[Date "2020.02.29"]
[Round "1.85"]
[White "Leon Cazares, Gustavo"]
[Black "Wall, Gavin"]
[Result "1/2-1/2"]
[WhiteElo "2084"]
[BlackElo "2317"]
[PlyCount "34"]
[EventDate "2019.11.09"]
[EventType "team-tourn"]
[EventRounds "11"]
[EventCountry "ENG"]
[SourceTitle "CBM 195 Extra"]
[Source "ChessBase"]
[SourceDate "2020.05.31"]
[SourceVersion "1"]
[SourceVersionDate "2020.05.31"]
[SourceQuality "1"]
[WhiteTeam "Barbican II"]
[BlackTeam "Gonzaga"]
[WhiteTeamCountry "ENG"]
[BlackTeamCountry "ENG"]

1. e4 e5 2. Nf3 d6 3. d4 exd4 4. Nxd4 Nf6 5. Nc3 Be7 6. Bf4 0-0 7. Qd2 Nc6 8. 0-0-0 Nxd4 9. Qxd4 Be6 10. f3 Nd7 11. Qe3 Nb6 12. h4 Qd7 13. g4 Bc4 14. g5 Bxf1 15. Rhxf1 f5 16. e5 Qe6 17. Rfe1 Rae8 1/2-1/2

[Event "Glorney Cup Norm"]
[Site "Dundalk"]
[Date "2019.07.23"]
[Round "7"]
[White "O'Donnell, Conor"]
[Black "Wall, Gavin"]
[Result "0-1"]
[WhiteElo "2341"]
[BlackElo "2311"]
[PlyCount "54"]
[EventDate "2019.07.20"]
[EventType "tourn"]
[EventRounds "9"]
[EventCountry "IRL"]
[SourceTitle "EXT 2020"]
[Source "ChessBase"]
[SourceDate "2019.10.17"]
[SourceVersion "1"]
[SourceVersionDate "2019.10.17"]
[SourceQuality "1"]

1. Nf3 d6 2. e4 Nf6 3. Nc3 c6 4. d4 Qa5 5. Bd3 Bg4 6. h3 Bh5 7. Bd2 Qb6 8. g4 Bg6 9. Qe2 e6 10. 0-0-0 d5 11. e5 Nfd7 12. Kb1 Bxd3 13. cxd3 a5 14. Be3 a4 15. Nd2 a3 16. b3 c5 17. dxc5 Qb4 18. Nxd5 exd5 19. d4 Nc6 20. Nf1 Na7 21. Qd3 Qb5 22. Qf5 Qc6 23. Bc1 Nb5 24. Ka1 b6 25. Ng3 g6 26. Qd3 bxc5 27. dxc5 Bxc5 0-1

[Event "Glorney Cup Norm"]
[Site "Dundalk"]
[Date "2019.07.22"]
[Round "5"]
[White "Kanyamarala, Trisha"]
[Black "Wall, Gavin"]
[Result "0-1"]
[WhiteElo "2196"]
[BlackElo "2311"]
[PlyCount "102"]
[EventDate "2019.07.20"]
[EventType "tourn"]
[EventRounds "9"]
[EventCountry "IRL"]
[SourceTitle "EXT 2020"]
[Source "ChessBase"]
[SourceDate "2019.10.17"]
[SourceVersion "1"]
[SourceVersionDate "2019.10.17"]
[SourceQuality "1"]

1. d4 f5 2. Bg5 g6 3. Nc3 Nh6 4. h4 Nf7 5. Qd2 Bg7 6. Nf3 d5 7. e3 c6 8. Bd3 Nd7 9. 0-0-0 Nf6 10. Bf4 Ne4 11. Bxe4 fxe4 12. Ng5 Nd6 13. Bxd6 Qxd6 14. f3 h6 15. Nh3 exf3 16. gxf3 Rf8 17. Rdg1 Rxf3 18. Nf4 Bf5 19. Nxg6 Bxg6 20. h5 Bf7 21. Rxg7 Qf6 22. Rg2 0-0-0 23. Nd1 Re8 24. b3 e5 25. Nf2 Be6 26. Ng4 Bxg4 27. Rxg4 Rf2 28. Qd3 exd4 29. e4 Rf3 30. e5 Rxe5 31. Qxd4 Re7 32. Qxf6 Rxf6 33. Rg6 Rf2 34. Rg3 Ree2 35. Rc3 Rh2 36. Rg1 Rxh5 37. Rg7 Rhe5 38. Rh7 Re1+ 39. Kb2 Re7 40. Rxh6 Kc7 41. b4 R1e4 42. a3 Kb6 43. Rc5 Rd4 44. Rd6 Re2 45. Rd7 a5 46. Kc3 Rdd2 47. Rxa5 Rxc2+ 48. Kb3 Rb2+ 49. Ka4 Re3 50. Rd6 Rbb3 51. b5 Rxa3+ 0-1

[Event "Glorney Cup Norm"]
[Site "Dundalk"]
[Date "2019.07.21"]
[Round "4"]
[White "Wall, Gavin"]
[Black "Moran, Darragh"]
[Result "1-0"]
[WhiteElo "2311"]
[BlackElo "1880"]
[PlyCount "43"]
[EventDate "2019.07.20"]
[EventType "tourn"]
[EventRounds "9"]
[EventCountry "IRL"]
[SourceTitle "EXT 2020"]
[Source "ChessBase"]
[SourceDate "2019.10.17"]
[SourceVersion "1"]
[SourceVersionDate "2019.10.17"]
[SourceQuality "1"]

1. e4 e6 2. d4 d5 3. e5 c5 4. c3 Nc6 5. Nf3 Bd7 6. Be2 Nge7 7. Na3 Ng6 8. h4 cxd4 9. cxd4 Bb4+ 10. Kf1 0-0 11. h5 Nh8 12. h6 g6 13. Bg5 Be7 14. Bxe7 Qxe7 15. Nc2 f6 16. Ne3 fxe5 17. dxe5 Qb4 18. Rh4 Rf4 19. Nxd5 exd5 20. Qxd5+ Nf7 21. Rxf4 Qxf4 22. Qxd7 1-0

[Event "BCF-chT2 1819 (4NCL) Promotion"]
[Site "England"]
[Date "2019.05.05"]
[Round "10.31"]
[White "Harakis, Alexis"]
[Black "Wall, Gavin"]
[Result "1/2-1/2"]
[WhiteElo "2286"]
[BlackElo "2312"]
[PlyCount "28"]
[EventDate "2018.11.10"]
[EventType "team-tourn"]
[EventRounds "11"]
[EventCountry "ENG"]
[SourceTitle "EXT 2021"]
[Source "ChessBase"]
[SourceDate "2020.10.23"]
[SourceVersion "1"]
[SourceVersionDate "2020.10.23"]
[SourceQuality "1"]
[WhiteTeam "KJCA Kings"]
[BlackTeam "Gonzaga"]
[WhiteTeamCountry "ENG"]
[BlackTeamCountry "ENG"]

1. Nf3 d6 2. d4 f5 3. Nc3 Nf6 4. Qd3 g6 5. e4 fxe4 6. Nxe4 Bg7 7. Nxf6+ exf6 8. h4 Nc6 9. d5 Qe7+ 10. Be3 Ne5 11. Nxe5 Qxe5 12. 0-0-0 0-0 13. h5 Bf5 14. Qd4 Qxd4 1/2-1/2

[Event "BCF-chT2 1819 (4NCL) Promotion"]
[Site "England"]
[Date "2019.05.04"]
[Round "9.21"]
[White "Wall, Gavin"]
[Black "Walker, Martin Graham"]
[Result "1-0"]
[WhiteElo "2312"]
[BlackElo "2166"]
[PlyCount "67"]
[EventDate "2018.11.10"]
[EventType "team-tourn"]
[EventRounds "11"]
[EventCountry "ENG"]
[SourceTitle "EXT 2021"]
[Source "ChessBase"]
[SourceDate "2020.10.23"]
[SourceVersion "1"]
[SourceVersionDate "2020.10.23"]
[SourceQuality "1"]
[WhiteTeam "Gonzaga"]
[BlackTeam "Anglian Avengers"]
[WhiteTeamCountry "ENG"]
[BlackTeamCountry "ENG"]

1. d4 Nf6 2. Bg5 e6 3. Nd2 d5 4. e4 dxe4 5. Nxe4 Be7 6. Bxf6 Bxf6 7. Nf3 0-0 8. Qd2 b6 9. 0-0-0 Bb7 10. Qf4 Nd7 11. Ne5 Bxe4 12. Qxe4 c5 13. Bb5 Bg5+ 14. f4 Nf6 15. Qf3 Bh6 16. Bc6 Rc8 17. g4 Nd5 18. g5 Bxg5 19. fxg5 Qxg5+ 20. Kb1 cxd4 21. Qe4 Rfd8 22. Rxd4 Nf6 23. Rxd8+ Rxd8 24. Qe1 h6 25. a3 Qf4 26. h3 Nd5 27. Rf1 Qe3 28. Qxe3 Nxe3 29. Rxf7 Rd1+ 30. Ka2 Nxc2 31. Rxa7 Re1 32. Ba4 Nb4+ 33. axb4 Rxe5 34. Rb7 1-0

[Event "BCF-chT2b 1819 (4NCL)"]
[Site "England"]
[Date "2019.01.13"]
[Round "4.61"]
[White "Wall, Gavin"]
[Black "Povah, Nigel Edward"]
[Result "1/2-1/2"]
[WhiteElo "2330"]
[BlackElo "2329"]
[PlyCount "60"]
[EventDate "2018.11.10"]
[EventType "team-tourn"]
[EventRounds "11"]
[EventCountry "ENG"]
[SourceTitle "EXT 2021"]
[Source "ChessBase"]
[SourceDate "2020.10.23"]
[SourceVersion "1"]
[SourceVersionDate "2020.10.23"]
[SourceQuality "1"]
[WhiteTeam "Gonzaga"]
[BlackTeam "Guildford III"]
[WhiteTeamCountry "ENG"]
[BlackTeamCountry "ENG"]

1. d4 d5 2. Bf4 Nf6 3. e3 c5 4. c3 Nc6 5. Bd3 Qb6 6. b3 cxd4 7. exd4 Bg4 8. Nf3 e6 9. 0-0 Be7 10. Nbd2 Bh5 11. Re1 Bg6 12. Bxg6 hxg6 13. h3 Rc8 14. Re3 Nh5 15. Bh2 g5 16. c4 Nf4 17. c5 Qd8 18. b4 Bf6 19. Nf1 Nxb4 20. Rb1 Nc6 21. Rxb7 0-0 22. h4 g4 23. Ne5 Bxe5 24. dxe5 d4 25. Re4 Ng6 26. Qxg4 Nxh4 27. Ng3 Ng6 28. Nh5 Rc7 29. Rxc7 Qxc7 30. Bg3 Rd8 1/2-1/2

[Event "Dublin Hogarty Memorial IM"]
[Site "Dublin"]
[Date "2019.01.06"]
[Round "8"]
[White "Brady, Stephen"]
[Black "Wall, Gavin"]
[Result "1-0"]
[WhiteElo "2314"]
[BlackElo "2330"]
[PlyCount "59"]
[EventDate "2019.01.02"]
[EventType "tourn"]
[EventRounds "9"]
[EventCountry "IRL"]
[EventCategory "1"]
[SourceTitle "CBM 188 Extra"]
[Source "ChessBase"]
[SourceDate "2019.02.26"]
[SourceVersion "1"]
[SourceVersionDate "2019.02.26"]
[SourceQuality "1"]

1. e4 e5 2. Nf3 d6 3. d4 exd4 4. Nxd4 Nf6 5. Nc3 Be7 6. g3 0-0 7. Bg2 Re8 8. 0-0 c6 9. h3 Bf8 10. b3 a5 11. a4 Na6 12. Bb2 Nb4 13. Re1 d5 14. e5 Bc5 15. Re2 Nd7 16. e6 Nf6 17. exf7+ Kxf7 18. Rxe8 Qxe8 19. Na2 Nxa2 20. Rxa2 Bd7 21. Ra1 Qc8 22. Kh2 Qc7 23. Qf3 Kg8 24. Re1 Ne4 25. Qh5 Nxf2 26. Nb5 Qd8 27. Bxd5+ Kh8 28. Bf7 cxb5 29. Qxc5 Nxh3 30. Qd4 1-0

[Event "Dublin Hogarty Memorial IM"]
[Site "Dublin"]
[Date "2019.01.06"]
[Round "9"]
[White "Wall, Gavin"]
[Black "De Verdier, Michael Carl Adam"]
[Result "1/2-1/2"]
[WhiteElo "2330"]
[BlackElo "2277"]
[PlyCount "121"]
[EventDate "2019.01.02"]
[EventType "tourn"]
[EventRounds "9"]
[EventCountry "IRL"]
[EventCategory "1"]
[SourceTitle "CBM 188 Extra"]
[Source "ChessBase"]
[SourceDate "2019.02.26"]
[SourceVersion "1"]
[SourceVersionDate "2019.02.26"]
[SourceQuality "1"]

1. e4 c5 2. Nf3 e6 3. b3 a6 4. Bb2 Nc6 5. g3 d6 6. Bg2 Nf6 7. Qe2 Be7 8. 0-0 0-0 9. c3 d5 10. e5 Nd7 11. d4 cxd4 12. cxd4 a5 13. Nc3 b6 14. Rfc1 Ba6 15. Qe3 Rc8 16. Ne1 Ndxe5 17. dxe5 d4 18. Qe4 dxc3 19. Rxc3 Nb4 20. Rxc8 Qxc8 21. Rc1 Qd7 22. Qd4 Nd5 23. Nd3 Rd8 24. Bf1 Qb7 25. Qe4 g6 26. h4 Qb8 27. h5 Bb7 28. Qg4 Bf8 29. Rc4 Ba6 30. Rd4 Qc7 31. hxg6 hxg6 32. Nf4 Nxf4 33. Bxa6 Rxd4 34. Bxd4 Nd5 35. Bc4 Qc6 36. a4 Bc5 37. Bb2 Ne7 38. Qd1 Nf5 39. g4 Ne7 40. Qd3 g5 41. Bc1 Ng6 42. Bb5 Bxf2+ 43. Kxf2 Qxc1 44. Qd8+ Kh7 45. Qxb6 Qd2+ 46. Kf1 Nxe5 47. Qf2 Qd1+ 48. Qe1 Qd4 49. Qxa5 Nxg4 50. Ke2 Qe3+ 51. Kd1 Qxb3+ 52. Kc1 Ne3 53. Qd2 Qa3+ 54. Kb1 Qc5 55. Bd3+ f5 56. a5 Nd5 57. Qxg5 Nc3+ 58. Kb2 Qxa5 59. Qe7+ Kg6 60. Qxe6+ Kg5 61. Qxf5+ 1/2-1/2